| 000 | 00487nam a2200169Ia 4500 | ||
|---|---|---|---|
| 008 | 231217s9999 xx 000 0 und d | ||
| 041 | _aEnglish | ||
| 082 | _a658.5 PHA;2 R | ||
| 100 | _aPhaneesh, K R. Darshan, K. Abhinandan, G | ||
| 245 | 0 | _aOperations management : as per VTU syllabus | |
| 250 | _a3rd ed. | ||
| 260 |
_c2007 _bSudha Publ. _aBangalore |
||
| 300 | _a281 | ||
| 400 | _aSudha's student friendly text book series | ||
| 650 | _aOperations,management | ||
| 942 | _cAA | ||
| 999 |
_c193612 _d193612 |
||